000 00607cab a22001935a 4500
001 L154082
008 111012e20111008xxk 000 0 eng d
035 _a(Sirsi) u154082
041 0 _aeng
100 1 _aBarnard, Lucy
245 0 0 _aRebuilding Libya
260 _c2011
490 _aEstates Gazette
_v(1140) 8 October 2011, 70-73(3)
520 _aThe National Transitional Council in Libya is looking to attract British firms in the reconstruction of Libya particularly the country's destroyed infrastructure.
590 _aKA
651 4 _aLibya
690 _aPROPERTY-INFRASTRUCTURE
942 _n0
999 _c83486
_d83486